00733nam a2200241 a 4500001001300000003000900013005001700022008004100039020002300080082001300103100002300116245005600139260004100195300000900236500003500245505002500280650001900305700002300324902000800347942000700355952011400362999001500476nice12345678IN_TiNIC20260116012303.0050524s1981 cana grp 000 0 eng  a0919586 c10000a224bMAC aMacdonald, William a16 Men With a Messageb the Old Testament Prophets. aCanadabEvery Day Publicationsc1981 a192p aincludes index and biblioraphy2 aBibliograpphy, Index aBible-Prophets1 aMacdonald, William bSRS cBK 001040708StackRoom-aHMIbHMId2007-06-19g100.00l0o224 MACp010554r2007-06-19v100.00w2005-05-24yBK c6401d6401